| 000 | 01057nam a2200301Ia 4500 | ||
|---|---|---|---|
| 001 | u22472 | ||
| 003 | SIRSI | ||
| 005 | 20180219123731.0 | ||
| 007 | he|amb|||bacu | ||
| 008 | 010312s1985 ua a bb 000 0 eng d | ||
| 039 | 9 |
_a200208051146 _bhala _y200203190954 _zload |
|
| 040 | _aEAL. | ||
| 090 |
_aThesis _bS-2686 |
||
| 100 | 1 | _aWassel, Osama Mohamed Mohamed. | |
| 245 | 1 | 0 |
_aEffect of sowing dates on retting and the technological charachters of cotton stems _h[microform] / _cOsama Mohamed Mohamed Wassel. |
| 260 | _c1985. | ||
| 300 |
_a100, 7 Leaves : _bill. ; _c30 cm. |
||
| 502 | _aThesis (M.S)--AL-Azhar University, 1985. | ||
| 504 | _aIncludes bibliographical refences (leaves 88-100). | ||
| 533 |
_aMicrofiche. _bASUNET, _cAin Shams University, _e2 microfiches : negative. |
||
| 546 | _aSummary in Arabic. | ||
| 596 | _a1 | ||
| 650 | 0 | _aRetting. | |
| 650 | 0 |
_aCotton _xPlanting time. |
|
| 650 | 0 |
_aCotton _xDiseases and pests. |
|
| 650 | 0 |
_aStems (Botany) _xDiseases and pests. |
|
| 942 |
_cMIC _2lcc |
||
| 999 |
_c2965 _d2965 |
||